Hydraulická väzba vstupu a obežného kolesa radiálneho hydrodynamického čerpadla autoreferát dizertačnej práce na získanie vedecko-akademickej hodnosti philosophiae doctor v odbore: 5-2-29 Energetika v študijnom programe: Tepelné hydraulické stroje a zariadenia

Bibliographic Details
Main Author: Bednár, Daniel, 1981- (Author)
Format: Book
Language:Slovak
PhysicalDescription:28 s. grafy, sch. 20 cm
Published: Bratislava Slovenská technická univerzita 2009
ISBN:97888022732512
Edition:1. vyd.
Series:Edícia kvalifikačných prác
Subjects:

MARC

LEADER 00000cam a2200000 a 4500
001 vtls010095728
003 SK-MaSNL
005 20260302011213.0
008 240315s2009 xo dl f a 000 0 slo
015 |a SNBA2010/09-04843 
020 |a 97888022732512  |q (brož.) 
035 |a BEC8B0B4-E121-417E-9B11-E73AEE8CC16B 
035 |a urn:nbn:sk:snk-amkaea 
035 |a urn:nbn:sk:snk-am003cdo 
040 |a SNK  |b slo  |c SNK  |e AACR2 
041 0 |a slo  |b eng 
044 |a xo  |c SK 
072 7 |a 620.9  |x Energetika  |2 konspekt 
080 |a 621.65  |2 2001 
080 |a (043.3)  |2 2001 
080 |a 532.5  |2 2001 
080 |a 621.22  |2 2001 
080 |a 620.9  |2 2001 
100 1 |a Bednár, Daniel,  |d 1981-  |4 aut  |9 230595 
245 1 0 |a Hydraulická väzba vstupu a obežného kolesa radiálneho hydrodynamického čerpadla  |b autoreferát dizertačnej práce na získanie vedecko-akademickej hodnosti philosophiae doctor v odbore: 5-2-29 Energetika v študijnom programe: Tepelné hydraulické stroje a zariadenia  |c Daniel Bednár 
250 |a 1. vyd. 
260 |a Bratislava  |b Slovenská technická univerzita  |c 2009 
300 |a 28 s.  |b grafy, sch.  |c 20 cm 
366 |e 50 výt. 
490 1 |a Edícia kvalifikačných prác 
504 |a Bibliogr. s. 23-27. Zoz. najdôležitejších označení a skrat. 
521 |a Nepredajné 
546 |a Res. angl. 
650 0 7 |a čerpadlá  |2 SNKPH  |9 21104 
650 0 7 |a hydraulické stroje  |2 SNKPH  |9 84713 
650 0 7 |a Pumps  |2 SNKPHeng  |9 304324 
650 0 7 |a Hydrodynamics  |2 SNKPHeng  |9 267191 
650 0 7 |a hydrodynamika  |2 SNKPH  |9 23866 
650 0 7 |a Hydraulic machines  |2 SNKPHeng  |9 320119 
650 0 7 |a energetika  |2 SNKPH  |9 3680 
650 0 7 |a Energy industries  |2 SNKPHeng  |9 326574 
655 7 |a dizertácie  |2 SNKPH  |9 70277 
655 7 |a autoreferáty  |2 SNKPH  |9 70546 
655 7 |a Dissertations  |2 SNKPHeng  |9 303036 
710 2 |a Slovenská technická univerzita v Bratislave.  |b Strojnícka fakulta  |4 pbl  |9 176081 
810 2 |a Slovenská technická univerzita v Bratislave.  |b Strojnícka fakulta  |t Edícia kvalifikačných prác  |9 184599 
830 0 |a Edícia kvalifikačných prác  |9 320134 
852 |a Štátna vedecká knižnica v Banskej Bystrici 
919 |a 978-80-227-3251-2 
958 |a OND 
958 |a NB 
968 |d 62 
999 |c 1005216  |d 1007146 
952 |a SNK  |b SNK  |y VYP  |7 0  |p 17A0665662  |o snkSC 141194 D1  |i snk2010/14885  |8 0  |0 0  |1 0  |4 0  |d 2010-07-12  |l 0  |r 2026-02-24 12:33:18  |w 2026-02-24 
952 |a SNK  |b SNK  |y PREZ  |7 0  |p 17A0665663  |o snkSC 141194  |i snk2010/14884  |8 0  |0 0  |1 0  |4 0  |d 2010-07-12  |f 1  |l 0  |r 2025-07-09 00:00:00  |w 2026-02-24